000 00308nam a22001337a 4500
008 170306b xxu||||| |||| 00| 0 eng d
020 _a87283
041 _aeng
080 _210TH
_a661
100 _a6
101 _aSHM
245 _aESSENTIALS OF HUMAN ANATOMY AND PHYSIOLOGY
_cMARIEB, E.N
942 _2udc
_cBK
999 _c6910
_d6910